Quo vadis, čínska ekonomika? ako vždy o krok pred ostatnými
Medzinárodná finančná kríza a turbulencie sprevádzajúce svetové hospodárstvo. Zásadné štrukturálne zmeny čínskej ekonomiky. Narastajúci vplyv Číny v ekonomickom a politickom meradle. Hospodárska expanzia. Dopyt po tovare, investíciách a technológiách v ázijskych krajinách pomáha zachraňovať nielen a...
Gespeichert in:
| 1. Verfasser: | |
|---|---|
| Weitere Verfasser: | |
| Format: | Buchkapitel |
| Sprache: | Slowakisch |
| Schlagworte: | |
| Tags: |
Keine Tags, Fügen Sie das erste Tag hinzu!
|
MARC
| LEADER | 00000naa a2200000 4500 | ||
|---|---|---|---|
| 001 | 0117597 | ||
| 005 | 20240502072320.5 | ||
| 041 | 0 | |a slo | |
| 044 | |a SK | ||
| 245 | 1 | 0 | |a Quo vadis, čínska ekonomika? |b ako vždy o krok pred ostatnými |c Peter Baláž, Stanislav Zábojník |
| 520 | |a Medzinárodná finančná kríza a turbulencie sprevádzajúce svetové hospodárstvo. Zásadné štrukturálne zmeny čínskej ekonomiky. Narastajúci vplyv Číny v ekonomickom a politickom meradle. Hospodárska expanzia. Dopyt po tovare, investíciách a technológiách v ázijskych krajinách pomáha zachraňovať nielen americkú ekonomiku, ale aj eurozónu. | ||
| 610 | 2 | 0 | |a Čína |
| 610 | 2 | 0 | |a Ázia |
| 610 | 2 | 0 | |a USA |
| 610 | 2 | 0 | |a Európa |
| 610 | 2 | 0 | |a kríza hospodárska |
| 610 | 2 | 0 | |a hospodárstvo svetové |
| 610 | 2 | 0 | |a politika zahraničnohospodárska |
| 610 | 2 | 0 | |a hospodárstvo kontinentov |
| 610 | 2 | 0 | |a záujmy ekonomické |
| 610 | 2 | 0 | |a investície zahraničné |
| 610 | 2 | 0 | |a trh zahraničný |
| 610 | 2 | 0 | |a trh svetový |
| 610 | 2 | 0 | |a rast hospodársky |
| 610 | 2 | 0 | |a konkurencia |
| 100 | 1 | |a Baláž, Peter | |
| 700 | 1 | |a Zábojník, Stanislav, 1984- | |